Music Quiz

Random Music or Lyrics Quiz
Score 0/136 Timer 08:00
0 Plays Today
% Correct
I
98.1%
I
98.1%
I
98.1%
I
98.1%
I
98.1%
I
98.1%
Harvest
97.9%
Harvest
97.9%
a
97.7%
a
97.7%
moon
97.7%
Moon.
97.7%
moon
97.7%
Moon.
97.7%
you,
95.8%
you
95.8%
you
95.8%
you
95.8%
you
95.8%
you,
95.8%
you
95.8%
you
95.8%
to
94.7%
to
94.7%
to
94.7%
on
94.4%
on
94.4%
in
93.8%
in
93.8%
in
93.8%
in
93.8%
in
93.8%
in
93.8%
the
93.5%
the
93.5%
the
93.5%
the
93.5%
this
92.9%
this
92.9%
this
92.9%
with
92.1%
with
92.1%
with
92.1%
with
92.1%
with
92.1%
love
91.9%
% Correct
love
91.9%
love
91.9%
love
91.9%
wanna
91.2%
I'm
91%
I'm
91%
I'm
91%
I'm
91%
see
90.5%
see
90.5%
see
90.5%
want
89.2%
want
89.2%
we
88.7%
We
88.7%
we
88.7%
we
88.7%
dance
87.7%
dance
87.7%
still
87.1%
still
87.1%
still
87.1%
still
87.1%
again,
86.4%
again,
86.4%
hear
84.3%
and
83.1%
and
83.1%
what
82.7%
night
82.4%
night.
82.4%
Because
82.4%
because
82.4%
Because
82.4%
because
82.4%
have
81.3%
say.
80.1%
Come
79.7%
little
78.7%
bit
78.7%
When
78.3%
When
78.3%
closer;
78%
go
78%
go
78%
my
77.1%
% Correct
were
76.7%
were
76.7%
full
76.5%
it
75.5%
is
75%
all
74.3%
there's
72.8%
heart.
72.3%
rising.
71.6%
away.
71.4%
Just
70.2%
your
70.2%
lovers,
69.8%
loved
69.8%
from
69.7%
But,
69.5%
But,
69.5%
now,
69.3%
like
69%
Let's
67.4%
Let's
67.4%
it's
67.2%
out
67%
dancing
64.2%
children
63.7%
afar.
62.6%
could
62.1%
eye.
62.1%
light.
61.4%
dream
61.2%
watched
61%
strangers,
60.1%
late
59.6%
getting
59.3%
playing.
56.3%
where
56.1%
sleeping,
54.7%
know
54.1%
high.
54.1%
feel
54%
shining
53.3%
celebrate;
48.7%
music's
48.1%
climbing
37%
Remove Ads.
Support Sporcle.
Get the best of Sporcle when you Go Orange. This ad-free experience offers more features, more stats, and more fun while also helping to support Sporcle. Thank you for becoming a member.

You're not logged in!

Compare scores with friends on all Sporcle quizzes.
OR
Log In

Show Comments

Extras

Top Quizzes Today


Score Distribution

Your Account Isn't Verified!

In order to create a playlist on Sporcle, you need to verify the email address you used during registration. Go to your Sporcle Settings to finish the process.

Report this User

Report this user for behavior that violates our Community Guidelines.

Details: